[Event "TUR Cup"]
[Site "Antalya"]
[Date "2019.02.01"]
[Round "9"]
[White "Turkmen, Musa"]
[Black "Aktay, Hasan Nezih"]
[Result "1-0"]
[WhiteElo "1393"]
[BlackElo "1122"]
[PlyCount "65"]
[EventDate "2019.01.27"]
[EventType "swiss"]
[EventRounds "11"]
[EventCountry "TUR"]
[SourceTitle "CBM 188 Extra"]
[Source "ChessBase"]
[SourceDate "2019.02.26"]
[SourceVersion "1"]
[SourceVersionDate "2019.02.26"]
[SourceQuality "1"]

1. e4 c5 2. Nf3 d6 3. Nc3 Nc6 4. d4 cxd4 5. Nxd4 e6 6. Be2 Be7 7. 0-0 Nf6 8. b3 0-0 9. Bb2 d5 10. exd5 exd5 11. Re1 Re8 12. Bb5 Bd7 13. h3 Bf8 14. Nf3 Rxe1+ 15. Qxe1 a6 16. Bd3 Nb4 17. Qd2 Rc8 18. a3 Nxd3 19. Qxd3 Bc6 20. Rd1 Bc5 21. Ng5 Qb6 22. Nxd5 Bxd5 23. Bxf6 Bxf2+ 24. Kh1 g6 25. Ba1 h6 26. Qxd5 hxg5 27. Qxg5 Kh7 28. Qe5 Rg8 29. Rd7 Qe3 30. Rxf7+ Kh6 31. Qxe3+ Bxe3 32. Rxb7 Rf8 33. Bg7+ 1-0

[Event "TUR Cup"]
[Site "Antalya"]
[Date "2019.01.31"]
[Round "8"]
[White "Temel, Nurcan"]
[Black "Turkmen, Musa"]
[Result "1-0"]
[WhiteElo "1319"]
[BlackElo "1393"]
[PlyCount "132"]
[EventDate "2019.01.27"]
[EventType "swiss"]
[EventRounds "11"]
[EventCountry "TUR"]
[SourceTitle "CBM 188 Extra"]
[Source "ChessBase"]
[SourceDate "2019.02.26"]
[SourceVersion "1"]
[SourceVersionDate "2019.02.26"]
[SourceQuality "1"]

1. d4 d5 2. c4 e6 3. Nc3 Nf6 4. Nf3 c5 5. Bg5 cxd4 6. Qxd4 Nc6 7. Qd2 Bb4 8. e3 Qa5 9. Bxf6 gxf6 10. cxd5 exd5 11. Bd3 Bg4 12. Be2 0-0-0 13. 0-0 Ne5 14. Nxe5 Bxe2 15. Qxe2 fxe5 16. a3 Be7 17. Rac1 Kb8 18. Qf3 f6 19. e4 dxe4 20. Qxe4 h5 21. Rc2 Rd4 22. Qf5 Qa6 23. Rfc1 Qd6 24. Nd5 a6 25. Ne3 Qd7 26. Qxd7 Rxd7 27. Nf5 Rhd8 28. Kf1 Bf8 29. Ke2 Rd3 30. f3 b5 31. b4 a5 32. bxa5 Bxa3 33. Ra1 b4 34. Rc6 Rd2+ 35. Kf1 Rc8 36. Rxf6 Rcc2 37. Ne3 Rf2+ 38. Kg1 Rce2 39. Re1 Rb2 40. Rg6 Rfe2 41. Rxe2 Rxe2 42. Nc4 Kc7 43. a6 Bc1 44. a7 Ra2 45. Rg7+ Kc6 46. Nxe5+ Kd5 47. Nd3 Be3+ 48. Kf1 Kc4 49. Ne5+ Kd5 50. Nd3 Kc4 51. Nc1 Rf2+ 52. Ke1 Bxa7 53. Rxa7 Rxg2 54. Ra2 Rg1+ 55. Kd2 b3 56. Rb2 Rg2+ 57. Ne2 Rxh2 58. Ke3 h4 59. Rb1 h3 60. f4 Rg2 61. Kf3 Kb4 62. f5 Ka3 63. f6 Rg8 64. Kf4 b2 65. Kf5 Ka2 66. f7 Rh8 1-0

[Event "TUR-chT2"]
[Site "Konya"]
[Date "2018.07.13"]
[Round "6.22"]
[White "Turkmen, Musa"]
[Black "Temel, Mustafa"]
[Result "0-1"]
[WhiteElo "1323"]
[BlackElo "1539"]
[PlyCount "88"]
[EventDate "2018.07.10"]
[EventType "team-swiss"]
[EventRounds "9"]
[EventCountry "TUR"]
[SourceTitle "EXT 2019"]
[Source "ChessBase"]
[SourceDate "2018.10.10"]
[SourceVersion "1"]
[SourceVersionDate "2018.10.10"]
[SourceQuality "1"]
[WhiteTeam "Corum Mavi Ay"]
[BlackTeam "Erdem Kultur Egitim"]
[WhiteTeamCountry "TUR"]
[BlackTeamCountry "TUR"]

1. e4 c5 2. Nf3 Nc6 3. d4 cxd4 4. Nxd4 g6 5. c3 Bg7 6. Bc4 Nxd4 7. cxd4 Qb6 8. e5 Qb4+ 9. Nd2 Bh6 10. Qb3 Qxb3 11. Nxb3 e6 12. Bxh6 Nxh6 13. Nc5 a6 14. 0-0 b6 15. Ne4 b5 16. Nd6+ Ke7 17. Bd3 Nf5 18. Bxf5 gxf5 19. Rfc1 b4 20. Rc7 a5 21. b3 Ba6 22. Rac1 a4 23. bxa4 Rhb8 24. f3 Bd3 25. Nc8+ Kd8 26. Na7 Ba6 27. Kf2 Bb7 28. Nb5 Bc6 29. R7xc6 dxc6 30. Rxc6 Rxa4 31. Nd6 Rxa2+ 32. Kg3 b3 33. Nxf7+ Kd7 34. Rd6+ Ke7 35. Ng5 b2 36. Rxe6+ Kd7 37. Rd6+ Kc8 38. e6 b1Q 39. e7 Kc7 40. Re6 f4+ 41. Kxf4 Ra5 42. Ne4 Qc1+ 43. Kg4 Rg8+ 44. Kh4 Qf4+ 0-1